Análisis de resistencia y operación para el diseño y elaboración de GO-KART
Diseña y construye un vehículo GO-KART monoplaza impulsado con un motor de combustión, diseña el bastidor del vehículo, haciendo uso de los conocimientos de resistencia de materiales y diseño de elementos de maquinas, selecciona los materiales a utilizar en la construcción del vehículo, bas...
| Main Authors: | , |
|---|---|
| Other Authors: | |
| Format: | Tesis Section = Libro |
| Language: | Undetermined Spanish |
| Published: |
Managua
UNI
2019
|
| Subjects: |
| LEADER | 01428nam a2200265Ia 4500 | ||
|---|---|---|---|
| 008 | 240830s9999 xx 000 0 und d | ||
| 040 | |a BIBLIOTECA-RUPAP Mon 621.221 B642 | ||
| 041 | |a spa | ||
| 082 | |a Mon 621.221 B642 | ||
| 100 | 1 | |a Blandón Juárez, Daniela Ignacia | |
| 100 | 1 | |b Murillo Portocarrero, Christopher de Jesús | |
| 245 | 1 | 0 | |a Análisis de resistencia y operación para el diseño y elaboración de GO-KART |
| 260 | |a Managua |b UNI |c 2019 | ||
| 300 | |a 132 p. :il. | ||
| 500 | |a Contiene: anexos y CD. | ||
| 502 | |a Tesis (Ingeniero Mecánico)- UNI, 2019. | ||
| 520 | 3 | |a Diseña y construye un vehículo GO-KART monoplaza impulsado con un motor de combustión, diseña el bastidor del vehículo, haciendo uso de los conocimientos de resistencia de materiales y diseño de elementos de maquinas, selecciona los materiales a utilizar en la construcción del vehículo, basados en los resultados de resistencia, determina la potencia del motor de combustión a utilizar para el movimiento del vehículo, elabora los planos de fabricación y ensamble del GO-KART, realiza los ensayos de funcionamiento del vehículo. | |
| 650 | 7 | |a VEHICULOS-DISEÑO Y CONSTRUCCION | |
| 650 | 7 | |b DISEÑO DE ELEMENTOS DE MAQUINAS | |
| 650 | 7 | |c RESISTENCIA DE MATERIALES | |
| 650 | 7 | |d MOTOR DE COMBUSTION | |
| 700 | 1 | |a Tutor: |b Urbina Espinoza, William Emigdio | |
| 942 | |c BK |2 ddc | ||
| 991 | |a TESIS | ||
| 999 | |c 15709 | ||